Game of Thrones Characters by Picture - Statistics

General Stats
  • This quiz has been taken 294 times
  • The average score is 38 of 52
Answer Stats
Picture Answer % Correct
Arya Stark
100%
Jon Snow
100%
Ned Stark
98%
Robb Stark
97%
Bran Stark
93%
Cersei Lannister
93%
Joffrey Baratheon
93%
Stannis Baratheon
93%
Theon Greyjoy
92%
Samwell Tarly
91%
Daenerys Targaryen
90%
Sandor Clegane
90%
Jorah Mormont
89%
Tyrion Lannister
86%
Sansa Stark
84%
Catelyn Stark
83%
Tywin Lannister
83%
Jaime Lannister
82%
Brienne of Tarth
79%
Petyr Baelish
79%
Podrick
79%
Ramsay Bolton
76%
Melisandre
75%
Tommen Baratheon
75%
Varys
75%
Gregor Clegane
74%
Davos Seaworth
73%
Grey Worm
72%
Ygritte
72%
Bronn
68%
Oberyn Martell
68%
Gilly
67%
Mance Rayder
67%
Margaery Tyrell
67%
Missandei
67%
Rickon Stark
67%
Yara Greyjoy
67%
Loras Tyrell
66%
Olenna Tyrell
62%
Gendry Baratheon
59%
Roose Bolton
56%
Tormund Giantsbane
56%
Euron Greyjoy
55%
Lysa Arryn
55%
Barristan Selmy
53%
Lancel Lannister
50%
Edmure Tully
47%
High Sparrow
46%
Qyburn
43%
Alliser Thorne
37%
Osha
37%
The Blackfish
37%
No matching quizzes found
Score Distribution
Percent of People with Each Score
Percentile by Number Answered
Your Score History
You have not taken this quiz